Agribusiness : (Record no. 33477)
[ view plain ]
| 000 -LEADER | |
|---|---|
| fixed length control field | 01761cam a22003978i 4500 |
| 001 - CONTROL NUMBER | |
| control field | 20942241 |
| 003 - CONTROL NUMBER IDENTIFIER | |
| control field | JO-AjAnu |
| 005 - DATE AND TIME OF LATEST TRANSACTION | |
| control field | 20240430130706.0 |
| 008 - FIXED-LENGTH DATA ELEMENTS--GENERAL INFORMATION | |
| fixed length control field | 190419s2019 enk b 001 0 eng |
| 010 ## - LIBRARY OF CONGRESS CONTROL NUMBER | |
| LC control number | 2019017065 |
| 020 ## - INTERNATIONAL STANDARD BOOK NUMBER | |
| International Standard Book Number | 9781138488656 (hardback : alk. paper) |
| 020 ## - INTERNATIONAL STANDARD BOOK NUMBER | |
| International Standard Book Number | 9781138488663 (pbk. : alk. paper) |
| 035 ## - SYSTEM CONTROL NUMBER | |
| System control number | (DNAL)1400423 |
| 040 ## - CATALOGING SOURCE | |
| Original cataloging agency | DNAL/DLC |
| Language of cataloging | eng |
| Description conventions | rda |
| Transcribing agency | DNAL |
| Modifying agency | JO-AjAnu |
| 041 #0 - LANGUAGE CODE | |
| Language code of text/sound track or separate title | eng |
| Language code of original | eng |
| 042 ## - AUTHENTICATION CODE | |
| Authentication code | pcc |
| 050 00 - LIBRARY OF CONGRESS CALL NUMBER | |
| Classification number | HD9000.5 |
| Item number | .R5792 2019 |
| 070 0# - NATIONAL AGRICULTURAL LIBRARY CALL NUMBER | |
| Classification number | HD9000.5 |
| Item number | .R634 2019 |
| 082 00 - DEWEY DECIMAL CLASSIFICATION NUMBER | |
| Classification number | 338.1 |
| Edition number | 23 |
| 100 1# - MAIN ENTRY--PERSONAL NAME | |
| Personal name | Roche, Julian, |
| Relator term | author. |
| 245 10 - TITLE STATEMENT | |
| Title | Agribusiness : |
| Remainder of title | an international perspective / |
| Statement of responsibility, etc. | Julian Roche. |
| 263 ## - PROJECTED PUBLICATION DATE | |
| Projected publication date | 1909 |
| 264 #1 - PRODUCTION, PUBLICATION, DISTRIBUTION, MANUFACTURE, AND COPYRIGHT NOTICE | |
| Place of production, publication, distribution, manufacture | Abingdon, Oxon ; |
| -- | New York, NY : |
| Name of producer, publisher, distributor, manufacturer | Routledge, |
| Date of production, publication, distribution, manufacture, or copyright notice | 2019. |
| 300 ## - PHYSICAL DESCRIPTION | |
| Extent | pages cm |
| 336 ## - CONTENT TYPE | |
| Content type term | text |
| Source | rdacontent |
| 337 ## - MEDIA TYPE | |
| Media type term | unmediated |
| Source | rdamedia |
| 338 ## - CARRIER TYPE | |
| Carrier type term | volume |
| Source | rdacarrier |
| 504 ## - BIBLIOGRAPHY, ETC. NOTE | |
| Bibliography, etc. note | Includes bibliographical references and index. |
| 505 0# - FORMATTED CONTENTS NOTE | |
| Formatted contents note | The need for agribusiness -- Agricultural economics -- International agricultural trade -- The role of technology -- Farm management -- The agricultural value chain -- Agribusiness corporates -- Risk management for agribusiness -- Agribusiness lending -- Agribusiness trade finance -- Agribusiness marketing -- Private equity and venture capital investment in agribusiness -- Listed investments in agribusiness -- Conclusions. |
| 650 #0 - SUBJECT ADDED ENTRY--TOPICAL TERM | |
| Topical term or geographic name entry element | Agricultural industries. |
| 650 #0 - SUBJECT ADDED ENTRY--TOPICAL TERM | |
| Topical term or geographic name entry element | Agriculture |
| General subdivision | Economic aspects. |
| 776 08 - ADDITIONAL PHYSICAL FORM ENTRY | |
| Relationship information | Online version: |
| Main entry heading | Roche, Julian, author. |
| Title | Agribusiness |
| Place, publisher, and date of publication | Abingdon, Oxon ; New York, NY : Routledge, 2019 |
| International Standard Book Number | 9781351039741 |
| Record control number | (DLC) 2019019819 |
| 906 ## - LOCAL DATA ELEMENT F, LDF (RLIN) | |
| a | 7 |
| b | cbc |
| c | orignew |
| d | 1 |
| e | ecip |
| f | 20 |
| g | y-gencatlg |
| 942 ## - ADDED ENTRY ELEMENTS (KOHA) | |
| Source of classification or shelving scheme | Library of Congress Classification |
| Koha item type | Books |
| Suppress in OPAC | No |
| Withdrawn status | Lost status | Source of classification or shelving scheme | Damaged status | Not for loan | Home library | Current library | Date acquired | Total Checkouts | Full call number | Barcode | Date last seen | Price effective from | Koha item type |
|---|---|---|---|---|---|---|---|---|---|---|---|---|---|
| Library of Congress Classification | مكتبة جامعة عجلون الوطنية | مكتبة جامعة عجلون الوطنية | 30/04/2024 | HD9000.5.R5792 2020 | e3695 | 30/04/2024 | 30/04/2024 | Books | |||||
| Library of Congress Classification | مكتبة جامعة عجلون الوطنية | مكتبة جامعة عجلون الوطنية | 30/04/2024 | HD9000.5.R5792 2020 | e3696 | 30/04/2024 | 30/04/2024 | Books |